Normal view
MARC view
- Syed Arif Ali Shah
Entry Personal Name
001 - CONTROL NUMBER
- control field: 54732
003 - CONTROL NUMBER IDENTIFIER
- control field: NUST
005 - DATE AND TIME OF LATEST TRANSACTION
- control field: 20210421120029.0
008 - FIXED-LENGTH DATA ELEMENTS
- fixed length control field: 210421|| aca||aabn | a|a d
040 ## - CATALOGING SOURCE
- Original cataloging agency: NUST
- Transcribing agency: NUST
100 ## - HEADING--PERSONAL NAME
- Personal name: Syed Arif Ali Shah
670 ## - SOURCE DATA FOUND
- Source citation: Work cat.: (NUST): Syed Arif Ali Shah, Evaluation and Elimination of Defects in Glass to Metal Sealing Used in Aerospace Applications, 2008
